Spatial analysis of regional GDP growth: the case study of V4 countries

Analýza v 35 regiónoch (NUTS2) V4. Význam lokalizácie regiónu v tempe rastu HDP. Analýza priestorovou autokoreláciou.

Salvato in:
Dettagli Bibliografici
Autore principale: Furková, Andrea, 1975-
Altri autori: Chocholatá, Michaela, 1977-
Natura: Capitolo di libro
Lingua:inglese
Soggetti:
Tags: Aggiungi Tag
Nessun Tag, puoi essere il primo ad aggiungerne!!

MARC

LEADER 00000nla a2200000 4500
001 0211498
005 20240502083529.5
041 0 |a eng 
044 |a CZ 
245 1 0 |a Spatial analysis of regional GDP growth: the case study of V4 countries  |c Andrea Furková, Michaela Chocholatá 
520 |a Analýza v 35 regiónoch (NUTS2) V4. Význam lokalizácie regiónu v tempe rastu HDP. Analýza priestorovou autokoreláciou. 
610 2 0 |a rozvoj regionálny 
610 2 0 |a vývoj regionálny 
610 2 0 |a produkt domáci hrubý 
610 2 0 |a diagramy 
100 1 |a Furková, Andrea, 1975- 
700 1 |a Chocholatá, Michaela, 1977-